Дело о пособии окружному инспектору Киевского учебного округа действительному статскому советнику Ростовцеву

Доступно только в Электронных читальных залах Найти на картеНа карте
RUSMARC
00003732nmc2a22002413x 450
0013df332de-c859-48f8-abd8-f5009d619e0f
00520210819190012.0
100##$a20210323l18761881k l0rusy0189 ca
1010#$arus
102##$aRU
105##$ay###
1222#$ad
2001#$aДело о пособии окружному инспектору Киевского учебного округа действительному статскому советнику Ростовцеву
$j19 октября 1876 г. - 12 июня 1881 г.
215##$a11 л.
$d36,5х26 см
251##$cДело
300##$aДело
371##$aДокумент не является опубликованным и широко распространяемым
461#0$1001a74412a3-3cc5-4d21-8f0a-dfe2fbd9e72d
$12001
$aДепартамент народного просвещения Министерства народного просвещения (1803-1917)
$1251
$cФонд
$1852
$j733
462#0$1001208a61b7-2020-4ed4-afdc-eeb27c3654e1
$12001
$aДела Департамента народного просвещения по части образования евреев (1863-1892 гг.)
$1251
$cОпись
$1852
$j189
801#0$aRU
$bРГИА
$c20210323
$gRCR
801#1$aRU
$bГлавНИВЦ
$c20210323
$2rusmarc
801#2$aRU
$bПБ им. Б.Н. Ельцина
$c20210819
$gRCR
$2rusmarc
850##$aРГИА
852##$aРГИА
$eФедеральное казенное учреждение "Российский государственный исторический архив" (РГИА)
$j552
937##$hРГИА
$d12361900
$aASBIBLIO_SCAN
035##$aRusGRCC00025983
856##$uhttp://readingroom.main.prlib.ru/item.aspx?id_node=n167492982&mode=full
Формат отображения